| 000 | 00687nam a2200229 4500 | ||
|---|---|---|---|
| 003 | OSt | ||
| 005 | 20240607022225.0 | ||
| 006 | a | ||
| 008 | 240607b |||||||| |||| 00| 0 eng d | ||
| 020 | _a9789719919384 | ||
| 040 |
_aDWCL-Main lib. _cOC |
||
| 082 |
_22013 edition _aFil. 657.046 G934a 2013 |
||
| 100 | _aGuerrero, Pedro P. | ||
| 245 | _aAdvanced accounting : a practical approach, volume 1 / | ||
| 250 | _a2013 edition | ||
| 260 |
_aManila : _bGIC enterprises, _cc2013. |
||
| 300 |
_aix, _b489 p. ; _c23 cm. |
||
| 650 | _a1. Accounting. | ||
| 650 | _a2. Accounting–Problems, exercises, etc. | ||
| 700 | _aPedro P. Guerrero | ||
| 942 |
_2ddc _n0 _cBK - FIL _e2013 edition _kFil. |
||
| 999 |
_c335 _d335 |
||